Errate den Song am Songtext #2 - Statistiken

Allgemein
  • Dieses Quiz wurde 541 mal gespielt
  • Das Durchschnittsergebnis liegt bei 132 aus 346
Antwortstatistiken
Antwort % Korrekt
I
100%
a
93%
you
93%
You
93%
you)
93%
The
80%
the
80%
an
79%
me
77%
He
76%
he
76%
and
72%
And
72%
be
69%
is
63%
to
62%
on
60%
my
56%
your
53%
Your
53%
So
50%
so
50%
will
50%
in
49%
where
47%
for
40%
of
38%
like
34%
not
34%
see
31%
too
30%
with
29%
dont
28%
has
28%
Bo
27%
come
27%
Come
27%
cant
26%
Im
26%
let
26%
Let
26%
(let
26%
now
26%
we're
26%
but
24%
But
24%
here
22%
Here
22%
his
22%
Youre
22%
yeah
21%
get
20%
up
18%
die
17%
good
17%
end
15%
got
15%
nothing
14%
over
14%
from
13%
gone
13%
Hell
13%
sing
13%
lost
12%
out
12%
song
12%
entertain
11%
right
11%
everything
10%
left
10%
going
9%
Heaven
9%
Look
9%
mother
9%
place
9%
dad
8%
high
8%
long
8%
mind
8%
dear
7%
may
7%
mon
7%
rock
7%
ass
6%
fear
6%
Theres
6%
used
6%
Little
5%
mum
5%
scream
5%
Shake
5%
short
5%
thats
5%
tonight
5%
yourself
5%
youve
5%
around
4%
cher
4%
through
4%
before
3%
burning
3%
crazy
3%
empathy
3%
fell
3%
gotta
3%
heavens
3%
knows
3%
Lifes
3%
sweet
3%
yellow
3%
different
2%
feelings
2%
grab
2%
lied
2%
taste
2%
ages
1%
alibi
1%
effigy
1%
generation
1%
gets
1%
heard
1%
pages
1%
Seperate
1%
sheep
1%
sight
1%
wet
1%
asleep
0%
burned
0%
dew
0%
drag
0%
fads
0%
grass
0%
grows
0%
habits
0%
kettles
0%
learned
0%
lows
0%
Peep
0%
phrases
0%
pill
0%
popped
0%
schools
0%
teachers
0%
tired
0%
wrongs
0%
Keine übereinstimmenden Quizze gefunden
Verteilung der Resultate
Anzahl Personen mit jedem Resultat
Perzentil nach korrekt beantworteten Fragen
Ihre Resultats-Entwicklung
Sie haben dieses Quiz noch nicht gespielt